ბათუმის შოთა რუსთაველის სახელმწიფო უნივერსიტეტის ბიბლიოთეკა

Alter Ego C1>C2. Methode de Francais.5 (ბიბ.ჩანაწერი № 51306)

000 -LEADER
fixed length control field 00656nam a2200253Ia 4500
001 - CONTROL NUMBER
control field 18275
003 - CONTROL NUMBER IDENTIFIER
control field GE_BSU
008 - FIXED-LENGTH DATA ELEMENTS--GENERAL INFORMATION
fixed length control field 181216s||||||||xx |||||||||||||| ||und||
020 ## - INTERNATIONAL STANDARD BOOK NUMBER
International Standard Book Number 9782011557988
040 ## - CATALOGING SOURCE
Transcribing agency GE_BSU
080 ## - UNIVERSAL DECIMAL CLASSIFICATION NUMBER
Universal Decimal Classification number 811.133.1
100 ## - MAIN ENTRY--PERSONAL NAME
Personal name Berthet, Annie. Louvel, Cedric
245 ## - TITLE STATEMENT
Title Alter Ego C1>C2. Methode de Francais.5
245 ## - TITLE STATEMENT
Remainder of title Cahier de perfectionnement
260 ## - PUBLICATION, DISTRIBUTION, ETC.
Place of publication, distribution, etc. Paris
260 ## - PUBLICATION, DISTRIBUTION, ETC.
Name of publisher, distributor, etc. Hachette
260 ## - PUBLICATION, DISTRIBUTION, ETC.
Date of publication, distribution, etc. 2010
300 ## - PHYSICAL DESCRIPTION
Extent 127p.30cm.
653 ## - INDEX TERM--UNCONTROLLED
Uncontrolled term Alter Ego. Methode de Frangais 5
653 ## - INDEX TERM--UNCONTROLLED
Uncontrolled term გრამატიკა
653 ## - INDEX TERM--UNCONTROLLED
Uncontrolled term ფრანგული ენა
942 ## - ADDED ENTRY ELEMENTS (KOHA)
Koha item type წიგნი
ეგზემპლარები
Withdrawn status Lost status Damaged status Not for loan Date acquired Barcode Date last seen Price effective from Koha item type
        2018-12-17 46521 2018-12-17 2018-12-17 წიგნი